01654nam a22002537a 4500003000900000008004100009040007100050082004500121110005500166245006800221260003200289300002900321440006600350505070800416650002701124650001601151650003201167650002901199650002301228700003201251700002901283700003301312710005501345AR-CdUCM190425b ||||| |||| 00| 0 spa d aMUNICIPALIDAD PROVINCIAL DEL CUSCOcBIBLIOTECA MUNICIPAL DEL CUSCO aRev.Univ/N°93/1947bRev.Univ/N°93/1947 aUniversidad Nacional de San Antonio Abad del Cusco aRevista Universitaria :bÓrgano de la Universidad del Cuzco / aCusco :bH.G. Rozas,c1947. a204 páginas. :c20 cm. aRevista UniversitarianAño XXXVI, 2° semestre 1947, N°93. aContenido: Vida y obra de Francisco de Vitoria, fundador del derecho internacional conferencia de Víctor Guillen. -- La hora de América. Alfredo Yépez Miranda. -- Menores incorrectos en el Cuzco tesis. Julio Miguel Mendoza Dongo. -- Del sindicalismo al corporativismo. Cesar Augusto Reinaga. -- Documentos inéditos sobre la sublevación de Tupaj Amaru. -- Memoria arqueológica presentada a la ilustre Universidad Nacional del Cuzco. Franz Tamayo. -- Salina de Maras. Gabino Bueno. -- A la memoria de un sabio cusqueño. Gustavo Nuñez del Prado. -- Complementando los Anales del Cuzco. Horacio Villanueva Urteaga. -- Universidad Nacional del Cuzco. Concejo universitario, personal docente.  aLevantamientos andinos aTupac Amaru aEusebio Corazao Quintanilla aArqueología cusqueña aHistoria del Cusco aVillanueva Urteaga, Horacio aYépez Miranda, Alfredo aNúñez del Prado, Gustavo aUniversidad Nacional de San Antonio Abad del Cusco